| 000 | 01268nam a2200301Ia 4500 | ||
|---|---|---|---|
| 003 | GCL | ||
| 008 | 140319s9999 xx 000 0 ara d | ||
| 020 | _a0988270977 | ||
| 040 |
_aGCL / _cGCL |
||
| 082 | 0 | 4 |
_a004.6 _bع ش |
| 100 | 1 | _aعلى كمال شاكر | |
| 245 | 1 | 0 |
_aشبكات الحاسبات لاخصائى المكتبات والمعلومات : _bاسس نظرية وتطبيقات عملية / _cعلى كمال شاكر |
| 250 | _aالاولى | ||
| 260 |
_aالقاهرة : _bالدار المصرية اللبنانية ، _c2006 |
||
| 300 |
_a214ص ؛ _c24سم |
||
| 490 |
_aاساسيات المكتبات والمعلومات _v0 |
||
| 650 | 0 | 4 | _aالحاسبات الالكترونية |
| 650 | 0 | 4 | _aنظم المعلومات |
| 650 | 0 | 4 | _aاختزان واسترجاع المعلومات |
| 650 | 0 | 4 | _aشبكات المكتبات |
| 650 | 0 | 4 | _aشبكات المكتبات والمعلومات |
| 650 | 0 | 4 | _aالمكتبات - برامج الحاسبات |
| 650 | 0 | 4 | _aالحاسبات الالكترونية - مدخلات |
| 650 | 0 | 4 | _aالحاسبات الالكترونية - مخرجات |
| 650 | 0 | 4 | _aالمكتبات الالكترونية |
| 650 | 0 | 4 | _aنظم المكتبات الالكترونية |
| 942 |
_2ddc _cBK |
||
| 999 |
_c9881 _d9881 |
||